000 00405nam a2200157Ia 4500
008 221030s9999 xx 000 0 und d
020 _a0070991023
041 _aEnglish
082 _a105.23
_bLip
100 _aS. Lipschutz
245 0 _aTheory & Problems of Linear Algebra (Schaum`s outline)
260 _bMcGraw-Hill Pub.
_aNew Delhi
_c1987
300 _a334
650 _aBE Mathematics
942 _cBK
999 _c1835
_d1835